Quản lý hoạt động các nhóm trẻ, lớp mẫu giáo độc lập tư thục trên địa bàn quận Cẩm Lệ thành phố Đà Nẵng
Trên cơ sở nghiên cứu lý luận và khảo sát thực trạng công tác QL hoạt động nhóm trẻ, lớp mẫu giáo ĐLTT trên địa bàn quận Cẩm Lệ thành phố Đà Nẵng đề xuất các biện pháp QL hoạt động nhóm trẻ, lớp mẫu giáo ĐLTT trên địa bàn quận Cẩm Lệ thành phố Đà Nẵng nhằm nâng cao chất lượng CSGD trẻ góp phần phát...
Gespeichert in:
| 1. Verfasser: | |
|---|---|
| Weitere Verfasser: | |
| Format: | Buch |
| Sprache: | Vietnamese |
| Veröffentlicht: |
Đà Nẵng
Trường Đại học sư phạm Đà Nẵng
2017
|
| Schlagworte: | |
| Tags: |
Tag hinzufügen
Keine Tags, Fügen Sie den ersten Tag hinzu!
|
| Thư viện lưu trữ: | Mạng thư viện Đại học Đà Nẵng |
|---|
| LEADER | 02065nam a2200349 4500 | ||
|---|---|---|---|
| 001 | 000025007 | ||
| 003 | 21498 | ||
| 005 | 20170419150415.0 | ||
| 008 | 170412s2017 viesd | ||
| 041 | |a vie | ||
| 082 | 1 | 4 | |a 372.21 |b TR-V |
| 100 | 1 | |a Trương Thị Thanh Vân | |
| 245 | 1 | |a Quản lý hoạt động các nhóm trẻ, lớp mẫu giáo độc lập tư thục trên địa bàn quận Cẩm Lệ thành phố Đà Nẵng |c Trương Thị Thanh Vân ; Nguyễn Thị Trâm Anh hướng dẫn. |k Luận văn Thạc sĩ | |
| 260 | |a Đà Nẵng |b Trường Đại học sư phạm Đà Nẵng |c 2017 | ||
| 300 | |a 96 tr., phụ lục 23 tr. |c 29 cm. |e Tóm tắt | ||
| 500 | |a Luận văn thạc sĩ Giáo dục học. Chuyên ngành: Quản lý giáo dục. Mã số: 60.14.01.14 | ||
| 520 | 3 | |a Trên cơ sở nghiên cứu lý luận và khảo sát thực trạng công tác QL hoạt động nhóm trẻ, lớp mẫu giáo ĐLTT trên địa bàn quận Cẩm Lệ thành phố Đà Nẵng đề xuất các biện pháp QL hoạt động nhóm trẻ, lớp mẫu giáo ĐLTT trên địa bàn quận Cẩm Lệ thành phố Đà Nẵng nhằm nâng cao chất lượng CSGD trẻ góp phần phát triển toàn diện cho trẻ và phát triển GDMN trên địa bàn quận và toàn thành phố... | |
| 650 | 0 | 4 | |a Giáo dục mầm non |v Luận văn tốt nghiệp |x Trường tư thục |z Đà Nẵng |
| 653 | |a Quản lý giáo dục | ||
| 653 | |a Giáo dục mầm non | ||
| 653 | |a Nhóm trẻ tư thục | ||
| 700 | 1 | |a Nguyễn Thị Trâm Anh |c TS. |e Hướng dẫn | |
| OWN | |a LSP | ||
| AVA | |a UDN50 |b LSP |d 372.21 TR-V |e available |t Error 5001 Not defined in file expand_doc_bib_avail. |f 1 |g 0 |h N |i 0 |k 1 | ||
| 999 | |a From the UDN01 | ||
| AVA | |a UDN50 |b LSP |d 372.21 TR-V |e available |t Error 5001 Not defined in file expand_doc_bib_avail. |f 1 |g 0 |h N |i 0 |k 1 | ||
| TYP | |a Monograph | ||
| TYP | |a Printed language | ||
| 980 | |a Mạng thư viện Đại học Đà Nẵng | ||